Pohostinství a cestovní ruch časopis pro veřejné stravování a cestovní ruch

Saved in:
Bibliographic Details
Format: Serial
Language:Czech
Published: Praha Merkur
Subjects:
Tags: Add Tag
No Tags, Be the first to tag this record!

MARC

LEADER 00000nas1a22000001 4500
001 s121008
005 20190109153815.9
041 0 |a cze 
044 |a CZ 
245 1 0 |a Pohostinství a cestovní ruch  |b časopis pro veřejné stravování a cestovní ruch 
264 1 |a Praha  |b Merkur 
500 |a Do roku 1989: Československé pohostinství a cestovní ruch 
610 2 0 |a pohostinstvo 
610 2 0 |a ruch cestovný